[Event "WYCC U16 Open 2019"]
[Site "Mumbai"]
[Date "2019.10.03"]
[Round "3.5"]
[White "Lumachi, Gabriele"]
[Black "Aronyak Ghosh"]
[Result "0-1"]
[WhiteElo "2207"]
[BlackElo "2380"]
[Annotator "TA"]
[PlyCount "66"]
[EventDate "2019.10.02"]
[EventType "swiss"]
[EventCountry "IND"]
[SourceTitle "playchess.com"]
[Source "ChessBase"]
[SourceQuality "1"]

{[%evp 9,66,4,14,18,128,113,119,125,123,102,114,98,118,58,75,68,75,51,51,47,85,85,89,74,86,19,22,20,36,14,85,56,78,92,70,6,17,-72,-46,-60,-58,-86,-77,-118,-123,-121,-123,-101,-127,-138,-131,-210,-146,-204,-186,-233,-228,-546,-508]} 1. d4 d5 2. Bf4 Nf6 3. e3 c5 4. dxc5 (4. Nc3 cxd4 5. exd4 a6 6. h3 Nc6 7. Nf3 Bf5 8. Bd3 Bxd3 9. Qxd3 e6 10. O-O Be7 11. Rfe1 O-O 12. Ne2 Rc8 13. c3 {1-0 (60) Abasov,N (2641)-Demchenko,A (2665) Konya 2019}) 4... Nc6 5. Bb5 Qa5+ 6. Nc3 {D00: 1 d4 d5: Unusual lines} e6 (6... a6 $11 7. Bxc6+ bxc6) 7. a3 $1 $16 Qd8 8. b4 $1 {White is better.} Be7 9. Nge2 $146 ({Predecessor:} 9. Nf3 O-O 10. O-O a5 11. Rb1 axb4 12. axb4 {½-½ (80) Dlugy,M (2518)-Svane,R (2543) Berlin 2015}) 9... O-O 10. O-O Bd7 11. Rb1 (11. Nd4 $16) 11... Nh5 12. Qd2 a6 13. Ba4 Nxf4 14. Nxf4 Qc7 15. Bb3 Ne5 16. Rbd1 Bc6 17. Nce2 ({Better is} 17. a4 $16) 17... b6 $1 $11 18. cxb6 Qxb6 19. Qd4 Qc7 {[#]} (19... Qxd4 $11 {remains equal.} 20. Nxd4 (20. exd4 Nd7 $11) 20... Bb7) 20. Nh5 $1 $16 Bb5 21. Rfe1 g6 22. Nhg3 (22. f4 $1 $14) 22... a5 23. bxa5 (23. e4 $1 $11) 23... Bxe2 24. Rxe2 Bxa3 25. Qd2 Rfd8 $36 {[%mdl 2048] Black is on the roll.} 26. Qe1 Rxa5 {[%cal Ba8a5,Ba5c5,Bc5c3][%mdl 32]} 27. f4 Ng4 28. h3 Nf6 29. Kh2 Bd6 30. Ra1 (30. Rf2 $17) 30... Rc5 31. Qd2 (31. Ra6 $17) 31... e5 $19 {[%cal Re5f4]} 32. Rf1 {[#]} Rc3 $1 33. Rf3 $2 (33. Qe1) 33... exf4 {Accuracy: White = 35%, Black = 65%.} 0-1

[Event "WYCC U16 Open 2019"]
[Site "Mumbai"]
[Date "2019.10.03"]
[Round "3.6"]
[White "Sarzhanov, Chingizkhan"]
[Black "Sankalp Gupta"]
[Result "0-1"]
[WhiteElo "2069"]
[BlackElo "2369"]
[Annotator "NA"]
[PlyCount "48"]
[EventDate "2019.10.02"]
[EventType "swiss"]
[EventCountry "IND"]
[SourceTitle "playchess.com"]
[Source "ChessBase"]
[SourceQuality "1"]
[WhiteTeam "Kazakhstan"]
[BlackTeam "India"]
[WhiteTeamCountry "KAZ"]
[BlackTeamCountry "IND"]
[TimeControl "40/5400+30:1800+30"]

1. e4 e6 2. Qe2 c5 3. Nf3 Nc6 4. b3 d6 5. Bb2 Nf6 6. g3 e5 7. Bg2 g6 8. O-O Bg7 9. c3 O-O 10. d4 exd4 11. cxd4 Re8 12. dxc5 Rxe4 13. Qd1 dxc5 14. Ne5 Qxd1 15. Rxd1 Rxe5 16. Bxc6 Re6 17. Rd8+ Bf8 18. Bf3 Re1+ 19. Kg2 Bh3+ 20. Kxh3 Rxd8 21. Bxf6 Rd3 22. Bxb7 Bg7 23. Nd2 Rxa1 24. Bxa1 Rxd2 0-1

[Event "WYCC U16 Open 2019"]
[Site "Mumbai"]
[Date "2019.10.03"]
[Round "3.7"]
[White "Manafov, Vugar"]
[Black "Tomiello, Lucas Costamilan"]
[Result "0-1"]
[WhiteElo "2357"]
[BlackElo "2107"]
[Annotator "NA"]
[PlyCount "62"]
[EventDate "2019.10.02"]
[EventType "swiss"]
[EventCountry "IND"]
[SourceTitle "playchess.com"]
[Source "ChessBase"]
[SourceQuality "1"]
[WhiteTeam "Azerbaijan"]
[BlackTeam "Brazil"]
[WhiteTeamCountry "AZE"]
[BlackTeamCountry "BRA"]
[TimeControl "40/5400+30:1800+30"]

1. d4 Nf6 2. c4 g6 3. Nc3 Bg7 4. g3 O-O 5. Bg2 d6 6. Nf3 Nc6 7. O-O a6 8. h3 Bd7 9. e4 Rb8 10. e5 Ne8 11. Qe2 b5 12. b3 b4 13. Nd5 e6 14. Bg5 Nxd4 15. Qe3 Nxf3+ 16. Bxf3 f6 17. exf6 Nxf6 18. Nf4 Qc8 19. h4 e5 20. Bxf6 Bxf6 21. Nd5 Bd8 22. h5 g5 23. c5 Be6 24. Rac1 Qd7 25. cxd6 cxd6 26. Rfd1 Qf7 27. Kg2 g4 28. Be4 Rb5 29. Qd2 Kh8 30. Rc2 a5 31. Qh6 Bxd5 0-1

[Event "WYCC U16 Open 2019"]
[Site "Mumbai"]
[Date "2019.10.03"]
[Round "3.8"]
[White "Avila Pavas, Santiago"]
[Black "Wu, Hao"]
[Result "1-0"]
[WhiteElo "2406"]
[BlackElo "1835"]
[Annotator "NA"]
[PlyCount "117"]
[EventDate "2019.10.02"]
[EventType "swiss"]
[EventCountry "IND"]
[SourceTitle "playchess.com"]
[Source "ChessBase"]
[SourceQuality "1"]
[WhiteTeam "Colombia"]
[BlackTeam "China"]
[WhiteTeamCountry "COL"]
[BlackTeamCountry "CHN"]
[TimeControl "40/5400+30:1800+30"]

1. Nf3 c5 2. b3 Nf6 3. Bb2 e6 4. g3 b6 5. Bg2 Bb7 6. O-O d5 7. d3 Be7 8. Nbd2 O-O 9. Re1 Nc6 10. c4 d4 11. a3 Qd7 12. Qc2 Rad8 13. Rad1 Ng4 14. Nf1 Bf6 15. h3 Nge5 16. N1h2 Qc7 17. Bc1 Nxf3+ 18. exf3 Be7 19. f4 Nb8 20. Nf3 Nd7 21. f5 Bxf3 22. Bxf3 Ne5 23. Qe2 Nxf3+ 24. Qxf3 exf5 25. Qxf5 Bd6 26. Re4 Qd7 27. Qxd7 Rxd7 28. Rde1 h6 29. Kg2 f5 30. Re6 f4 31. g4 f3+ 32. Kf1 Kh7 33. h4 Rff7 34. R1e4 g6 35. Kg1 Be7 36. g5 hxg5 37. hxg5 Bd6 38. Rh4+ Kg8 39. Rh6 Rde7 40. Rhxg6+ Kf8 41. Rxd6 Re1+ 42. Kh2 Rxc1 43. Rd8+ Ke7 44. Ra8 Rc3 45. Rxa7+ Kf8 46. Ra8+ Ke7 47. Rxb6 Rc1 48. Rg6 Rc3 49. Rb6 Rc1 50. Rb7+ Ke6 51. Ra6+ Ke5 52. Rb5 Rg7 53. Rxc5+ Kf4 54. Rd6 Rh7+ 55. Rh6 Rxh6+ 56. gxh6 Rf1 57. h7 Rxf2+ 58. Kg1 Rg2+ 59. Kh1 1-0

[Event "WYCC U16 Open 2019"]
[Site "Mumbai"]
[Date "2019.10.03"]
[Round "3.9"]
[White "Wartiovaara, Oliver"]
[Black "Kacharava, Nikolozi"]
[Result "1/2-1/2"]
[WhiteElo "2232"]
[BlackElo "2428"]
[Annotator "TA"]
[PlyCount "83"]
[EventDate "2019.10.02"]
[EventType "swiss"]
[EventCountry "IND"]
[SourceTitle "playchess.com"]
[Source "ChessBase"]
[SourceQuality "1"]
[WhiteTeam "Finland"]
[BlackTeam "Georgia"]
[WhiteTeamCountry "FIN"]
[BlackTeamCountry "GEO"]

{[%evp 17,83,26,19,22,32,38,31,19,0,13,24,0,1,0,0,-31,78,78,59,33,53,50,69,70,84,77,58,54,116,74,74,74,65,61,61,61,77,-6,-6,-6,-5,-12,-14,-13,-12,-143,-139,-163,0,0,0,0,0,0,108,100,98,18,18,0,0,0,0,0,0,0,0,0]} 1. d4 d6 2. g3 g6 3. Bg2 Nf6 4. Nf3 Bg7 5. O-O O-O 6. c4 Nc6 7. Nc3 e5 8. dxe5 dxe5 9. Bg5 Be6 10. Qc1 {E62: King's Indian: Fianchetto: 6...c6 and Panno Variation (6...Nc6) without ...a6} (10. Qa4 Qb8 11. Bxf6 Bxf6 12. Nd2 Bg7 13. Rfd1 Rd8 14. Nb3 Nd4 15. Nc5 c6 16. e3 Bg4 17. exd4 exd4 18. N3e4 Bxd1 19. Rxd1 {1-0 (32) Carlsen,M (2835)-Firouzja,A (2607) St Petersburg 2018}) 10... Qe8 11. Rd1 Nd7 12. Nd5 {White is slightly better.} Rc8 13. Bh6 f6 {[#]} 14. h4 $146 ({Predecessor:} 14. Bxg7 Kxg7 15. Qc3 a5 16. a3 a4 17. Qe3 b6 {½-½ (64) Erdos,V (2605)-Ivic,V (2497) Skopje 2018}) 14... Qf7 15. Bxg7 Kxg7 16. b4 Bxd5 (16... Nb6 $15 {keeps the upper hand.}) 17. cxd5 $16 Nxb4 18. Rb1 $1 {[%cal Rb1b4]} a5 ({Don't blunder} 18... Nxa2 $2 19. Qd2 $18) 19. a3 Nxd5 20. Rxb7 N5b6 21. Rxc7 Rxc7 22. Qxc7 Qe7 (22... Rc8 $14 23. Qd6 Qf8) 23. h5 Rf7 24. Bh3 Qc5 25. Qd6 e4 26. Nh4 e3 27. Be6 ({White should try} 27. f3 $1 $16) 27... exf2+ $11 28. Kf1 Re7 $36 {[%mdl 2048] Black fights for an advantage.} 29. g4 Qxd6 30. Rxd6 Nc5 31. Bf5 (31. Rxb6 $11 {keeps the balance.} Nxe6 32. Ra6) 31... Nc4 $17 32. Rc6 {[#]} gxf5 $2 (32... Ne4 $1 $19 {( -> ...Ne3#)} 33. Bxe4 Rxe4 34. hxg6 hxg6 35. Rc7+ Kh6 36. Kxf2 Rxg4) 33. Nxf5+ $11 {[%mdl 64] Double Attack} Kf7 {Threatens to win with ...Ne4!} 34. Nxe7 Kxe7 35. Kxf2 ({Not} 35. Rxc5 $2 Nd2+ 36. Kxf2 Ne4+ 37. Ke3 Nxc5 $19) 35... Nd6 {[#]} (35... Ne4+ $11 36. Kg2 Ned6) 36. Kf3 $1 $16 Nd7 {aiming for ...Ne5+.} 37. Ra6 (37. Kf4 $16) 37... Nc4 $11 {The position is equal.} 38. Kf4 Nxa3 39. Rxa5 Nc4 40. Ra7 h6 41. Kf5 {Strongly threatening Kg6.} Ne3+ 42. Kf4 {Accuracy: White = 54%, Black = 63%.} 1/2-1/2

[Event "WYCC U16 Open 2019"]
[Site "Mumbai"]
[Date "2019.10.03"]
[Round "3.10"]
[White "Raja Rithvik R"]
[Black "Amatya, Pramit"]
[Result "1-0"]
[WhiteElo "2369"]
[BlackElo "1719"]
[Annotator "NA"]
[PlyCount "101"]
[EventDate "2019.10.02"]
[EventType "swiss"]
[EventCountry "IND"]
[SourceTitle "playchess.com"]
[Source "ChessBase"]
[SourceQuality "1"]
[WhiteTeam "India"]
[BlackTeam "Nepal"]
[WhiteTeamCountry "IND"]
[BlackTeamCountry "NEP"]
[TimeControl "40/5400+30:1800+30"]

1. d4 {[%emt 0:00:11]} Nf6 {[%emt 0:00:34]} 2. c4 {[%emt 0:00:06]} e6 {[%emt 0:00:06]} 3. g3 {[%emt 0:00:10]} d5 {[%emt 0:00:23]} 4. Nf3 {[%emt 0:00:05]} dxc4 {[%emt 0:00:37]} 5. Bg2 {[%emt 0:00:05]} Bd7 {[%emt 0:01:25]} 6. Ne5 {[%emt 0:00:07]} Bc6 {[%emt 0:00:51]} 7. Nxc6 {[%emt 0:00:06]} Nxc6 {[%emt 0:00:06]} 8. O-O {[%emt 0:00:04]} Be7 {[%emt 0:00:53]} 9. Qa4 {[%emt 0:06:35]} O-O {[%emt 0:03:49]} 10. Rd1 {[%emt 0:13:23]} Nd5 {[%emt 0:11:17]} 11. Qxc4 {[%emt 0:00:46]} Qd7 {[%emt 0:04:22]} 12. Nc3 {[%emt 0:07:06]} Rfd8 {[%emt 0:06:10]} 13. e3 {[%emt 0:06:24]} a6 {[%emt 0:08:33]} 14. Qe2 {[%emt 0:02:46]} Nb6 {[%emt 0:13:15]} 15. Bd2 {[%emt 0:06:01]} Rab8 {[%emt 0:03:13]} 16. Rac1 {[%emt 0:01:30]} Bb4 {[%emt 0:07:45]} 17. a3 {[%emt 0:09:50]} Bxc3 {[%emt 0:00:58]} 18. Bxc3 {[%emt 0:02:51]} Ne7 {[%emt 0:05:00]} 19. Ba5 {[%emt 0:03:40]} Rdc8 {[%emt 0:08:09]} 20. Rc2 {[%emt 0:04:02]} Nbd5 {[%emt 0:01:19]} 21. e4 {[%emt 0:00:39]} Nf6 {[%emt 0:01:36]} 22. Bc3 {[%emt 0:01:13]} Ne8 {[%emt 0:05:04]} 23. Rcd2 {[%emt 0:04:49]} c6 {[%emt 0:01:25]} 24. h4 {[%emt 0:01:26]} Nc7 {[%emt 0:00:48]} 25. b3 {[%emt 0:02:17]} Rd8 {[%emt 0:01:14]} 26. Ba5 {[%emt 0:04:47]} b6 {[%emt 0:02:35]} 27. Bc3 {[%emt 0:01:44]} Nb5 {[%emt 0:00:54]} 28. Bb2 {[%emt 0:00:16]} Qe8 {[%emt 0:00:40]} 29. Qg4 {[%emt 0:05:01]} Qf8 {[%emt 0:03:09]} 30. a4 {[%emt 0:01:06]} Nc7 {[%emt 0:00:38]} 31. Ba3 {[%emt 0:00:38]} Qe8 {[%emt 0:01:12]} 32. Rc1 {[%emt 0:01:08]} Rd7 {[%emt 0:00:56]} 33. Rdc2 {[%emt 0:05:11]} Rxd4 {[%emt 0:02:52]} 34. Bb2 {[%emt 0:00:08]} e5 {[%emt 0:01:43]} 35. Bxd4 {[%emt 0:01:09]} exd4 {[%emt 0:00:17]} 36. e5 {[%emt 0:02:07]} c5 {[%emt 0:00:36]} 37. a5 {[%emt 0:00:51]} Ne6 {[%emt 0:00:18]} 38. Qe2 {[%emt 0:01:46]} Qb5 {[%emt 0:01:41]} 39. Qxb5 {[%emt 0:02:05]} axb5 {[%emt 0:00:07]} 40. axb6 {[%emt 0:00:51]} Rxb6 {[%emt 0:01:00]} 41. Bh3 {[%emt 0:30:23]} c4 {[%emt 0:31:48]} 42. bxc4 {[%emt 0:00:07]} bxc4 {[%emt 0:00:17]} 43. Rxc4 {[%emt 0:00:13]} g6 {[%emt 0:00:24]} 44. Re1 {[%emt 0:03:44]} Nf5 {[%emt 0:01:08]} 45. Kg2 {[%emt 0:00:00]} Rb2 {[%emt 0:00:00]} 46. Rc8+ {[%emt 0:00:00]} Kg7 {[%emt 0:00:00]} 47. Bxf5 {[%emt 0:00:00]} gxf5 {[%emt 0:00:00]} 48. h5 {[%emt 0:00:00]} f4 {[%emt 0:00:00]} 49. h6+ {[%emt 0:00:00]} Kg6 {[%emt 0:00:00]} 50. Rg8+ {[%emt 0:00:00]} Kf5 {[%emt 0:00:00]} 51. g4# 1-0

[Event "WYCC U16 Open 2019"]
[Site "Mumbai"]
[Date "2019.10.03"]
[Round "3.11"]
[White "Pogosyan, Stefan"]
[Black "Isfan, Ioan-Marius"]
[Result "1-0"]
[WhiteElo "2364"]
[BlackElo "2206"]
[Annotator "TA"]
[PlyCount "49"]
[EventDate "2019.10.02"]
[EventType "swiss"]
[EventCountry "IND"]
[SourceTitle "playchess.com"]
[Source "ChessBase"]
[SourceQuality "1"]
[WhiteTeam "Russia"]
[BlackTeam "Romania"]
[WhiteTeamCountry "RUS"]
[BlackTeamCountry "ROU"]

{[%evp 9,49,22,23,14,15,13,28,27,33,17,25,20,39,33,34,27,45,17,52,24,44,45,70,49,58,50,55,50,46,29,47,27,10,29,73,62,95,90,118,118,652,640]} 1. d4 Nf6 2. c4 e6 3. Nf3 Bb4+ 4. Bd2 Qe7 5. g3 Bxd2+ 6. Nbxd2 {E11: Bogo-Indian} (6. Qxd2 {with more complications.} Nc6 7. Nc3 d5 8. Ne5 dxc4 9. Bg2) (6. Qxd2 Nc6 7. b3 d5 8. Bg2 dxc4 9. bxc4 O-O 10. O-O e5 11. d5 Nb8 12. Qe3 Nbd7 13. Nc3 Ng4 14. Qg5 Qxg5 15. Nxg5 {1-0 (43) Wojtaszek,R (2739)-Tomczak,J (2628) Katowice 2019}) 6... d6 7. Bg2 Nbd7 8. O-O {White has an edge.} O-O 9. b4 a5 10. a3 Ra7 $146 ({Predecessor:} 10... e5 11. e3 h6 12. Qc2 c5 13. Nh4 Re8 14. Nf5 Qf8 15. Rab1 axb4 16. axb4 {0-1 (50) Van Ginkel,J-Gold,H (1852) Kaikoura 2008}) 11. e4 e5 12. d5 c6 13. Qb3 Ne8 14. Rfc1 c5 15. Bh3 b6 16. bxa5 bxa5 17. Qc3 a4 18. Rab1 g6 19. Nh4 Ng7 20. Rb5 f5 21. exf5 Nf6 22. Qe3 gxf5 23. Qh6 Nfh5 24. Rb8 {Hoping for Rxc8!} Rb7 $2 {[%mdl 8192] [#]} (24... Qf6 $16 25. Qxf6 Nxf6) 25. Rxc8 $1 {[%mdl 512] Accuracy: White = 67%, Black = 26%.} 1-0

[Event "WYCC U16 Open 2019"]
[Site "Mumbai"]
[Date "2019.10.03"]
[Round "3.12"]
[White "Nogerbek, Kazybek"]
[Black "Ammar, Sedrani"]
[Result "1-0"]
[WhiteElo "2387"]
[BlackElo "2053"]
[Annotator "TA"]
[PlyCount "83"]
[EventDate "2019.10.02"]
[EventType "swiss"]
[EventCountry "IND"]
[SourceTitle "playchess.com"]
[Source "ChessBase"]
[SourceQuality "1"]
[WhiteTeam "Kazakhstan"]
[BlackTeam "United Arab Emirates"]
[WhiteTeamCountry "KAZ"]
[BlackTeamCountry "UAE"]

{[%evp 13,83,-26,52,8,22,6,5,0,0,0,10,6,2,0,2,0,31,16,16,20,27,25,34,22,64,12,27,19,48,28,48,41,50,49,62,41,57,9,13,0,0,0,139,146,139,144,131,124,137,48,127,53,256,256,256,254,254,247,249,241,241,245,233,159,161,167,693,686,816,799,1135,1087]} 1. d4 d5 2. Nf3 Bf5 3. g3 e6 4. Bg2 Nd7 5. O-O Ngf6 6. c4 c6 7. Nc3 Bd6 (7... dxc4 $11 8. Nh4 Bg6) 8. Nd2 {D11: Slav Defence: 3 Nf3 sidelines and 3...Nf6 4 e3 Bg4} O-O 9. e4 dxe4 10. Ndxe4 {The position is equal.} Nxe4 11. Nxe4 Be7 (11... Bxe4 12. Bxe4 Nf6 13. Bf3 Qa5 14. Qb3 Qb6 15. Qc2 c5 16. dxc5 Bxc5 {½-½ (72) Zhou,J (2620)-Li,C (2758) Wuxi 2016}) 12. Be3 Nf6 13. Nc3 Qd7 14. h3 Rfd8 15. g4 $146 ({Predecessor:} 15. Qb3 Bd6 {½-½ (32) Reglero Perez,A-Diaz Cofino,J Asturias 1999}) 15... Bg6 16. Qe2 h5 17. Rad1 hxg4 18. hxg4 Qc7 19. d5 (19. g5 $14 Ne8 20. c5) 19... exd5 $11 20. cxd5 cxd5 21. g5 Bh5 22. Bf3 Bxf3 23. Qxf3 {[%mdl 64] [#] Double Attack} Ne4 $1 24. Nxd5 Qe5 {[%mdl 64] Double Attack} 25. Bf4 (25. g6 $5 Bf6 26. Nxf6+ gxf6 27. Rfe1 Rxd1 28. Rxd1 $14) 25... Qe6 26. Rde1 $36 {[%mdl 2048] White is more active.} ({Of course not} 26. Nc7 Qf5 $15) 26... Qxd5 {[%mdl 64] Double Attack} 27. Rxe4 Bxg5 {[#]} (27... Rac8 $11 {keeps the balance.}) 28. Re8+ $1 $16 {[%mdl 576] Deflection} Rxe8 29. Qxd5 Bxf4 30. Rd1 Re7 31. Qf5 (31. Qc5 $16 Rae8 32. Qxa7) 31... Bc7 ({Better is} 31... Be5 $1 $14) 32. Kg2 (32. Qc5 $16 Rae8 33. Qxa7) 32... Bb6 $2 (32... Be5 $14) 33. Rh1 $18 {Intending Qh7+ and mate.} Ree8 34. Qh5 {[%csl Gh1][%cal Rh5h8]} Kf8 35. Qh8+ Ke7 36. Re1+ {[%mdl 1024] White has strong compensation.} ({Don't go for} 36. Qxg7 $2 Rg8 $19) 36... Kd7 37. Rd1+ Ke7 38. Qh7 ({Avoid the trap} 38. Qxg7 $2 Rg8 $19) 38... Rad8 39. Re1+ Kd7 $2 (39... Kf6 40. Qh4+ g5 41. Qh6+ Kf5 42. Qh7+ Kf6 43. Qh6+ Kf5) 40. Qf5+ {[%mdl 64] Double Attack. White is clearly winning.} Kd6 41. Qf4+ Kc6 42. Rxe8 {Accuracy: White = 47%, Black = 37%.} 1-0

[Event "WYCC U16 Open 2019"]
[Site "Mumbai"]
[Date "2019.10.03"]
[Round "3.13"]
[White "Talukdar, Rohan"]
[Black "Karthik Sai Ch"]
[Result "1/2-1/2"]
[WhiteElo "2369"]
[BlackElo "2046"]
[Annotator "TA"]
[PlyCount "115"]
[EventDate "2019.10.02"]
[EventType "swiss"]
[EventCountry "IND"]
[SourceTitle "playchess.com"]
[Source "ChessBase"]
[SourceQuality "1"]
[WhiteTeam "Canada"]
[BlackTeam "India"]
[WhiteTeamCountry "CAN"]
[BlackTeamCountry "IND"]

{[%evp 20,115,35,18,45,41,31,25,38,41,22,8,23,27,22,0,0,0,22,0,-5,-39,-43,-83,-79,-86,-6,-4,-10,-20,0,0,47,0,0,-49,-32,-133,0,-55,0,-42,-23,-27,11,-27,-27,-30,14,-27,0,-27,24,-27,22,24,48,106,47,0,0,-26,32,0,0,-27,34,0,31,0,87,75,125,129,322,159,163,-252,-217,-220,-183,-127,0,-482,-288,-379,-368,-344,-344,-337,-273,-314,-285,-431,-387,-563,0,0]} 1. e4 c6 2. d4 d5 3. Nc3 dxe4 4. Nxe4 Bf5 5. Ng3 Bg6 6. h4 h6 7. Nf3 Nf6 8. Ne5 Bh7 9. Bd3 Bxd3 10. Qxd3 e6 11. Bd2 Be7 {B19: Classical Caro-Kann: 4...Bf5 main line} 12. O-O-O Nbd7 13. f4 O-O {White has an edge.} 14. Qf3 Qc7 15. c4 a5 {[%cal Ba7a5,Ba5a4][%mdl 32]} 16. Kb1 {[#]} Rfd8 $146 ({Predecessor:} 16... Rad8 17. Bc1 {½-½ (41) Anand,V (2770)-Andreikin,D (2709) Khanty-Mansiysk 2014}) 17. Bc1 a4 18. Rhe1 Bd6 19. Ne2 h5 20. Nc3 Bb4 21. a3 Bxc3 $1 22. Qxc3 Nxe5 (22... c5 $1 $17) 23. fxe5 $11 Ng4 24. Bg5 Rd7 25. Qf3 Rc8 26. Ka1 (26. Re4 $5 {[%cal Re4g4]}) 26... Qb6 27. Qc3 (27. Re4 {is more complex.} Qb3 28. Rc1 Ra8 29. Qe2 Qb6 30. c5) 27... Qa6 28. Rc1 (28. Rd2 $15) 28... Qb6 (28... c5 $17 29. dxc5 Rxc5) 29. Rcd1 $15 Qa6 (29... Qb3 $15) 30. Rd2 Rdc7 31. Rc1 Qa7 32. Qd3 Rd7 33. Qc3 Rdc7 34. Qd3 Rd7 35. Qe4 Qa6 (35... b6 $142) 36. Rc3 (36. c5 $142 $1) 36... Rdc7 37. Rdc2 Qa7 38. Rg3 Rd7 39. Rd2 (39. c5 $14) 39... Qa6 $1 $11 40. Rc3 Rdc7 ({Black should play} 40... b6 $11) 41. Qe2 Rd7 42. Qe4 Rdc7 ({Better is} 42... b6 $11) 43. Qf4 Qa5 44. Rg3 Qa6 (44... Rd7 $1 $11) 45. Rc2 $1 $16 Qa5 46. Rcc3 b5 $2 {[#]} (46... Re8 $16 {keeps fighting.}) 47. Rxg4 (47. Bf6 $1 $18 {[%mdl 512] is the precise move to win. Black must now prevent Rxg4.} Kf8 (47... gxf6 48. exf6) 48. Qg5 $1 {[%mdl 512]} gxf6 49. exf6) 47... hxg4 {[#]} 48. Bf6 $1 {[%mdl 8704]} gxf6 $19 49. exf6 {[#] White wants to mate with Qh6.} Kf8 $1 {Strongly threatening ...b4.} 50. Qg5 {[#] Threatening mate with Qg7+.} Rd8 $1 {aiming for ...Ke8.} 51. cxb5 $2 {[%mdl 8192]} (51. h5 $1 $11) 51... Qb6 (51... cxb5 $142 52. Re3 Qb6 53. Qxg4 b4 54. Qg7+ Ke8 55. axb4 Qxb4 56. Qg8+ Qf8 57. Rxe6+ Kd7 58. Qxf8 Rxf8) 52. bxc6 Rxc6 53. Qg7+ Ke8 {Hoping for ...Rxc3.} 54. Qg8+ {[#]} Kd7 $1 55. Qxf7+ Kd6 56. Re3 (56. Qe7+ {might work better.} Kd5 57. Rxc6 Kxc6 58. Qxe6+ {[%mdl 64] Double Attack} Kb7 59. Qe7+ Ka6 60. Qe2+ Qb5 61. Qe6+ Ka7 62. f7) 56... Rd7 57. Qe8 (57. Qxe6+ {was the only defense.} Kc7 58. Qe5+ Kb7 59. Re1) 57... Qxb2+ $2 (57... Rc1+ $19 58. Ka2 Kc7 59. Qxe6 Qxe6+ 60. Rxe6 Rg1) 58. Kxb2 {Accuracy: White = 37%, Black = 26%.} 1/2-1/2

[Event "WYCC U16 Open 2019"]
[Site "Mumbai"]
[Date "2019.10.03"]
[Round "3.14"]
[White "Tomiello, Mateus Costamilan"]
[Black "Tarlabasi, Emirhan"]
[Result "0-1"]
[WhiteElo "2030"]
[BlackElo "2365"]
[Annotator "NA"]
[PlyCount "62"]
[EventDate "2019.10.02"]
[EventType "swiss"]
[EventCountry "IND"]
[SourceTitle "playchess.com"]
[Source "ChessBase"]
[SourceQuality "1"]
[WhiteTeam "Brazil"]
[BlackTeam "Turkey"]
[WhiteTeamCountry "BRA"]
[BlackTeamCountry "TUR"]
[TimeControl "40/5400+30:1800+30"]

1. e4 e6 2. d3 d5 3. Nd2 Nf6 4. Ngf3 c5 5. g3 Nc6 6. Bg2 Be7 7. O-O O-O 8. e5 Nd7 9. Re1 b5 10. Nf1 a5 11. h4 Bb7 12. Bf4 Qc7 13. N1h2 Rfc8 14. Ng4 h6 15. c4 bxc4 16. dxc4 dxc4 17. Nd2 Nd4 18. Ne4 Bf8 19. Rc1 Rab8 20. Qd2 h5 21. Ne3 Nxe5 22. Bxe5 Qxe5 23. Nxc4 Qf5 24. Qe3 Rd8 25. Nxa5 Bd5 26. Nc4 Bxc4 27. Rxc4 Rxb2 28. Qa3 Rdb8 29. Kh2 Nc2 30. Rxc2 Rxc2 31. Qd3 Rxa2 0-1